| 000 | 004390000a22001810004500 | ||
|---|---|---|---|
| 003 | MACL | ||
| 005 | 20151017150540.0 | ||
| 008 | 151017b xxu||||| |||| 00| 0 eng d | ||
| 040 |
_aMACL _cMACL |
||
| 041 | _aEnglish | ||
| 082 | _a920/RAS | ||
| 100 |
_aRastogi, T C _915711 |
||
| 245 | _aIqbal In Final Countdown | ||
| 260 |
_bOmsons Publications _c1991 _aNew Delhi |
||
| 350 | _a125 | ||
| 650 |
_aBiography _915712 |
||
| 942 |
_cBK _k920 _2ddc |
||
| 999 |
_c3946 _d3946 |
||